000 00260nam a22001217a 4500
003 SGT
082 _a340
_bSET
100 _aSETH SWATI
245 _aBAIL & JUDICIAL DISCRETION A STUDY OF JUDICIAL DECISIONS
260 _c2023
300 _a86
942 _2ddc
_cTH
999 _c34051
_d34051